<?xml version="1.0" encoding="UTF-8"?><?xml-stylesheet type="text/xsl" href="static/style.xsl"?><OAI-PMH xmlns="http://www.openarchives.org/OAI/2.0/" xmlns:xsi="http://www.w3.org/2001/XMLSchema-instance" xsi:schemaLocation="http://www.openarchives.org/OAI/2.0/ http://www.openarchives.org/OAI/2.0/OAI-PMH.xsd"><responseDate>2026-04-18T20:06:35Z</responseDate><request verb="GetRecord" identifier="oai:riubu.ubu.es:10259/9023" metadataPrefix="marc">https://riubu.ubu.es/oai/request</request><GetRecord><record><header><identifier>oai:riubu.ubu.es:10259/9023</identifier><datestamp>2024-04-25T22:00:53Z</datestamp><setSpec>com_10259_2699</setSpec><setSpec>col_10259_2727</setSpec></header><metadata><record xmlns="http://www.loc.gov/MARC21/slim" xmlns:doc="http://www.lyncode.com/xoai" xmlns:xsi="http://www.w3.org/2001/XMLSchema-instance" xmlns:dcterms="http://purl.org/dc/terms/" xsi:schemaLocation="http://www.loc.gov/MARC21/slim http://www.loc.gov/standards/marcxml/schema/MARC21slim.xsd">
<leader>00925njm 22002777a 4500</leader>
<datafield tag="042" ind1=" " ind2=" ">
<subfield code="a">dc</subfield>
</datafield>
<datafield tag="720" ind1=" " ind2=" ">
<subfield code="a">Guirado Moreno, José Carlos</subfield>
<subfield code="e">author</subfield>
</datafield>
<datafield tag="260" ind1=" " ind2=" ">
<subfield code="c">2023</subfield>
</datafield>
<datafield tag="520" ind1=" " ind2=" ">
<subfield code="a">Esta memoria describe el diseño, desarrollo y caracterización de sensores poliméricos con aplicación en biomedicina, seguridad civil y control alimentario. En el ámbito de la biomedicina, se ha llevado a cabo un sensor para el diagnóstico de Covid-19 en muestras de saliva. En seguridad civil, se han descrito polímeros inteligentes como sensores colorimétricos para la lucha contra la falsificación. En el marco del control alimentario se han desarrollado sensores poliméricos para la detección de Zn(II) y Cu(II) en piensos y mostos, respectivamente.</subfield>
</datafield>
<datafield tag="520" ind1=" " ind2=" ">
<subfield code="a">This work describes the design, development, and characterization of polymeric sensors for applications in biomedicine, civil security, and food control. In biomedicine, a sensor has been developed for the diagnosis of COVID-19 in saliva samples. In civil security, intelligent polymers have been described as colorimetric sensors for anticounterfeit applications. Finally, in the field of food control, polymer sensors have been developed for the detection of Zn(II) in pet food and Cu(II) in grape must.</subfield>
</datafield>
<datafield tag="024" ind2=" " ind1="8">
<subfield code="a">http://hdl.handle.net/10259/9023</subfield>
</datafield>
<datafield tag="024" ind2=" " ind1="8">
<subfield code="a">10.36443/10259/9023</subfield>
</datafield>
<datafield ind1=" " ind2=" " tag="653">
<subfield code="a">Polímeros sensores</subfield>
</datafield>
<datafield ind1=" " ind2=" " tag="653">
<subfield code="a">Parámetros RGB</subfield>
</datafield>
<datafield ind1=" " ind2=" " tag="653">
<subfield code="a">Recubrimientos poliméricos</subfield>
</datafield>
<datafield ind1=" " ind2=" " tag="653">
<subfield code="a">Colorimetría</subfield>
</datafield>
<datafield ind1=" " ind2=" " tag="653">
<subfield code="a">Fluorimetría</subfield>
</datafield>
<datafield ind1=" " ind2=" " tag="653">
<subfield code="a">Sensory polymers</subfield>
</datafield>
<datafield ind1=" " ind2=" " tag="653">
<subfield code="a">RGB parameters</subfield>
</datafield>
<datafield ind1=" " ind2=" " tag="653">
<subfield code="a">polymeric coa ngs</subfield>
</datafield>
<datafield ind1=" " ind2=" " tag="653">
<subfield code="a">Colorimetry</subfield>
</datafield>
<datafield ind1=" " ind2=" " tag="653">
<subfield code="a">Fluorimetry</subfield>
</datafield>
<datafield tag="245" ind1="0" ind2="0">
<subfield code="a">Polímeros inteligentes con aplicación en biomedicina, seguridad civil y control alimentario</subfield>
</datafield>
</record></metadata></record></GetRecord></OAI-PMH>